Fatawah Qaradhawi : permaslahan, pemechan dan hikmah

Bibliographic Details
Main Author: Al-Qardhawi, Yusuf (Author)
Other Authors: H. Abdurrachman Ali Bauzir (Translator)
Format: Book
Language:Malay
Published: Batu Caves, Selangor : Albaz Pub. & Distribution 1997
Subjects:

MARC

LEADER 00000cam a2200000 7i4500
001 0000007116
005 20241001.0
008 000512 my may
020 |a 9839315307 
040 |a INS   |b eng   |e rda 
090 0 0 |a BP144   |b .Q15 1997 
100 1 |a Al-Qardhawi, Yusuf   |f Dr. ,   |e author 
245 1 0 |a Fatawah Qaradhawi :   |b permaslahan, pemechan dan hikmah   |c Dr. Yusuf Al-Qaradhawi; peterjemah Al-Ustaz H. Abdurrachman Ali Bauzir 
264 1 |a Batu Caves, Selangor :   |b Albaz Pub. & Distribution   |c 1997 
300 |a 456 pages ;   |c 23 cm. 
336 |a text  |2 rdacontent 
337 |a unmediated  |2 rdamedia 
338 |a volume  |2 rdacarrier 
650 0 |a Islamic law   |x Interpretation and construction 
650 0 |a Islam   |x Customs and practices 
650 0 |a Religious life 
700 0 |a H. Abdurrachman Ali Bauzir ,   |e translator 
999 |a 0000007734   |b BOOK   |c Open Shelf   |e Default branch